The servant as leader /

Bibliographic Details
Main Author: Greenleaf, Robert K.
Format: Book
Language:English
Published: Newton Centre, Mass. : Robert K. Greenleaf Center, in collaboration with AT & T, [1988]
Subjects:

MARC

Tag First Indicator Second Indicator Subfields
LEADER 00000cam a2200000Ia 4500
001 in00002093213
005 20151102153331.0
008 890922s1988 mauc 000 0 eng d
019 |a 29348621 
035 |a (OCoLC)ocm20380851 
040 |a BAN  |c BAN  |d OCLCQ  |d UtOrBLW 
049 |a TXAM 
090 |a BF637  |b .G74 1988 
100 1 |a Greenleaf, Robert K. 
245 1 4 |a The servant as leader /  |c Robert K. Greenleaf. 
264 1 |a Newton Centre, Mass. :  |b Robert K. Greenleaf Center, in collaboration with AT & T,  |c [1988] 
264 4 |c ©1988 
300 |a 37 pages :  |b portrait ;  |c 23 cm. 
336 |a text  |b txt  |2 rdacontent 
337 |a unmediated  |b n  |2 rdamedia 
338 |a volume  |b nc  |2 rdacarrier 
500 |a "Revision of the 1970 edition" [preface]. 
650 0 |a Leadership. 
994 |a C0  |b TXA 
948 |a cataloged  |b h  |c 2006/1/11  |d c  |e bwalker  |f 1:50:32 pm 
999 |a MARS 
999 f f |s 6d808d82-d7c9-3eb5-b74a-5b2ef10dba26  |i 7129822a-4a15-3202-85dc-6e018432ecf6  |t 0 
952 f f |p normal  |a Texas A&M University  |b College Station  |c Sterling C. Evans Library  |d Evans: Library Stacks  |t 0  |e BF637 .G74 1988  |h Library of Congress classification  |i unmediated -- volume  |m A14829961000 
998 f f |a BF637 .G74 1988  |t 0  |l Evans: Library Stacks